|
|
|
|
| LEADER |
00000nas a2200000 4500 |
| 005 |
20110429110917.0 |
| 008 |
101020c199u9999sp un p 0 a0eng d |
| 035 |
|
|
|a 5205
|
| 040 |
|
|
|a BUS
|d vlex
|
| 090 |
|
|
|c 2082
|d 2082
|
| 245 |
3 |
0 |
|a Urban public economics review
|h [Recurso electrn̤ico]
|
| 256 |
|
|
|a Servicio en ln̕ea
|
| 260 |
|
|
|a Santiado de Compostela:
|b Asociacion de Economia Publica Urbana.
|
| 300 |
|
|
|a 1 recurso electrn̤ico
|
| 740 |
0 |
|
|a vLex Revista (Servicios en ln̕ea)
|
| 856 |
0 |
4 |
|u http://vlex.com/source/urban-public-economics-review-5205
|z Acceso restringido
|
| 942 |
|
|
|c REV
|
| 999 |
0 |
|
|a Business and economics
|